Music Quiz

Random Music or Song Quiz
Score 0/32 Timer 05:00
498 Plays Today
% Correct
Dust
97.6%
Tiger
97.6%
Away
97.5%
Time
97.4%
Earth
97.3%
Mirror
97.1%
Up
97%
Thorn
97%
Egyptian
96.9%
Feeling
96.4%
It
96.3%
Fire
96.3%
Heart
96.2%
Belong
95.1%
Under
94.8%
Sorry
94.8%
% Correct
High
94.7%
All
94.7%
Tonight
94.1%
Me
93.9%
Wine
93.7%
Change
93.2%
Eileen
91.7%
Soldiers
91%
Nothing
90.8%
Ladder
89.3%
Eyes
88.5%
Number
88.4%
Groove
87.9%
Amadeus
85.4%
Boy
83.1%
Girls
82.3%
Remove Ads.
Support Sporcle.
Get the best of Sporcle when you Go Orange. This ad-free experience offers more features, more stats, and more fun while also helping to support Sporcle. Thank you for becoming a member.

You're not logged in!

Compare scores with friends on all Sporcle quizzes.
OR
Log In

Show Comments

Extras

Top Quizzes Today


Score Distribution

Your Account Isn't Verified!

In order to create a playlist on Sporcle, you need to verify the email address you used during registration. Go to your Sporcle Settings to finish the process.

Report this User

Report this user for behavior that violates our Community Guidelines.

Details: